[Event "ICS rated bullet match"]
[Site "204.178.125.65"]
[Date "2000.07.13"]
[Round "?"]
[White "Hossa"]
[Black "PostModernist"]
[Result "0-1"]
[WhiteElo "2514"]
[BlackElo "2379"]
[PlyCount "140"]
[EventDate "2000.??.??"]

1. e4 e6 2. d4 d5 3. Nc3 Nc6 4. Nf3 Nf6 5. e5 Ne4 6. Bd3 Bb4 7. Bd2 Nxd2 8.
Qxd2 f6 9. exf6 Qxf6 10. O-O-O Bd7 11. Rde1 O-O-O 12. Bb5 Qg6 13. Rhg1 Kb8 14.
Bxc6 Bxc3 15. Qxc3 Bxc6 16. Qe3 Rd6 17. Ne5 Qf6 18. f4 h5 19. Kb1 Bb5 20. Qb3
Bc4 21. Qc3 Bb5 22. Qa5 a6 23. Qd2 Rdd8 24. Qe3 Qf5 25. Rh1 Rdf8 26. h4 Rh6 27.
g3 Re8 28. Qb3 Rd8 29. a4 Bd7 30. Qb4 Rhh8 31. Re2 b6 32. Rhe1 Be8 33. Qb3 Kc8
34. Qa3 Rf8 35. Qb4 Rd6 36. Re3 Bg6 37. Qc3 Kb8 38. R3e2 Be8 39. Qa3 Bc6 40.
Qb4 a5 41. Qa3 Bb7 42. Qc3 Qh3 43. Qd3 Qf5 44. Qb5 Rh8 45. Re3 Rhd8 46. Ra3 Ka7
47. Qe2 Kb8 48. Rb3 Bc6 49. Qa6 Bxa4 50. Rc3 Bd7 51. Ra3 Bc8 52. Qb5 Bb7 53. b4
axb4 54. Qxb4 Rc8 55. Qa4 Rg8 56. Qa7+ Kc8 57. Ra1 Qh3 58. Nf7 Rc6 59. Ra3 Qf5
60. Re2 Qxf7 61. Re1 Qe7 62. Re5 Qb4+ 63. Kc1 Qxd4 64. Rxh5 Qg1+ 65. Kd2 Qf2+
66. Kd1 Qxc2+ 67. Ke1 Qc1+ 68. Ke2 Rc2+ 69. Kf3 Qd1+ 70. Ke3 d4# {
Hossa checkmated} 0-1

[Event "ICS rated standard match"]
[Site "204.178.125.65"]
[Date "2000.07.13"]
[Round "?"]
[White "Hossa"]
[Black "B-Amin"]
[Result "1-0"]
[WhiteElo "2388"]
[BlackElo "2250"]
[PlyCount "53"]
[EventDate "2000.??.??"]

1. e4 e5 2. d4 exd4 3. Qxd4 Nc6 4. Qd1 Nf6 5. Bg5 Be7 6. Bxf6 Bxf6 7. c3 O-O 8.
Bd3 Re8 9. Ne2 d6 10. O-O g6 11. f4 Bg7 12. Nd2 d5 13. f5 dxe4 14. fxg6 hxg6
15. Nxe4 Ne5 16. Bb5 c6 17. Qxd8 Rxd8 18. Ba4 Be6 19. Nf4 Bc4 20. Rfd1 Bh6 21.
g3 Bxf4 22. Rxd8+ Rxd8 23. gxf4 Nd3 24. Rd1 Kg7 25. Bc2 Rd7 26. b3 f5 27. Nf2 {
B-Amin resigns} 1-0

[Event "ICS rated blitz match"]
[Site "204.178.125.65"]
[Date "2000.07.14"]
[Round "?"]
[White "Hossa"]
[Black "PostModernist"]
[Result "0-1"]
[WhiteElo "2524"]
[BlackElo "2644"]
[PlyCount "200"]
[EventDate "2000.??.??"]

1. e4 c5 2. c3 Nf6 3. e5 Nd5 4. d4 cxd4 5. Nf3 e6 6. cxd4 b6 7. Nc3 Nxc3 8.
bxc3 Qc7 9. c4 Ba6 10. Bd2 Be7 11. d5 Bc5 12. d6 Qb7 13. Bd3 f5 14. O-O Nc6 15.
a3 O-O 16. Bc3 Qc8 17. Qe2 Qe8 18. Qd2 Qg6 19. Be2 Bb7 20. Ra2 Rac8 21. Rd1 Qg4
22. Rc1 Nd4 23. Bxd4 Bxf3 24. Bxf3 Qxd4 25. Qe1 Qf4 26. Bb7 Rb8 27. Ba6 Bd4 28.
Re2 Rfd8 29. Rb1 Qg4 30. Rb3 Qh4 31. Qd2 Bc5 32. Rg3 Rf8 33. Re1 Rf7 34. Rh3
Qg4 35. Rf3 Rd8 36. Rg3 Qh4 37. Re2 f4 38. Rh3 Qg5 39. Bb7 g6 40. Re1 Rf5 41.
Qc3 Qg4 42. Be4 Rh5 43. Rxh5 Qxh5 44. Qb2 Qh4 45. Rd1 Kf7 46. Rd3 Qh5 47. Bf3
Qg5 48. Bb7 Kg7 49. Rh3 h5 50. Be4 Qg4 51. Rf3 a5 52. h3 Qg5 53. Rb3 h4 54. Bf3
a4 55. Rd3 Qf5 56. Rd1 Kh6 57. Qc3 Qg5 58. Re1 Kh7 59. Qd3 Kg8 60. Bd1 Qg3 61.
Qc2 Ra8 62. Bf3 Ra5 63. Qb2 Qg5 64. Ra1 Qf5 65. Be2 Qe4 66. Bf3 Qxc4 67. Qb1
Kg7 68. Qe1 Qc2 69. Kf1 Bd4 70. Rc1 Qd3+ 71. Be2 Qxa3 72. Rc7 Bxe5 73. Rxd7+
Kh6 74. f3 Bxd6 75. Bd1 Qd3+ 76. Be2 Qd4 77. Qxh4+ Rh5 78. Qe1 a3 79. Qb1 Rd5
80. Qe1 a2 81. Rxd6 a1=Q 82. Rxd5 Qxe1+ 83. Kxe1 Qg1+ 84. Bf1 exd5 85. h4 Kh5
86. Ke2 Kxh4 87. Ke1 Kg3 88. Ke2 b5 89. Kd2 Qxf1 90. Kc3 Qc4+ 91. Kb2 d4 92.
Ka1 Qc1+ 93. Ka2 Qc3 94. Kb1 Kxg2 95. Ka2 d3 96. Kb1 Qc2+ 97. Ka1 Qc1+ 98. Ka2
d2 99. Kb3 d1=Q+ 100. Kb4 Qa4# {Hossa checkmated} 0-1

[Event "ICS rated blitz match"]
[Site "204.178.125.65"]
[Date "2000.07.14"]
[Round "?"]
[White "Hossa"]
[Black "Dorky"]
[Result "1-0"]
[WhiteElo "2523"]
[BlackElo "2188"]
[PlyCount "105"]
[EventDate "2000.??.??"]

1. e4 c5 2. c3 Nf6 3. e5 Nd5 4. Nf3 Nc6 5. Bc4 Nb6 6. Bb3 c4 7. Bc2 Qc7 8. Qe2
g5 9. e6 dxe6 10. d4 g4 11. Ng5 h6 12. Nh7 e5 13. d5 Nxd5 14. Nxf8 Kxf8 15. O-O
Na5 16. Re1 f6 17. Na3 Qc5 18. Be4 Be6 19. Bxd5 Qxd5 20. Rd1 Qc6 21. Nc2 Kg8
22. Nb4 Qa4 23. Nd5 Bd7 24. Be3 Re8 25. Bxa7 Bf5 26. b3 Nxb3 27. axb3 Qxb3 28.
Ra2 Bc8 29. Rda1 Rd8 30. Rb2 Rxd5 31. Rxb3 cxb3 32. Qc4 Be6 33. Qxb3 b5 34. Bb6
Kf7 35. Qb1 Bd7 36. Be3 e6 37. Qb4 h5 38. Kf1 Rc8 39. h3 gxh3 40. gxh3 Rc4 41.
Qb2 Ra4 42. Re1 Rh4 43. Kg2 Kg8 44. Qe2 Bc6 45. Kg3 Rc4 46. Qxh5 Rd7 47. Rg1
Rf7 48. Bh6 Rd7 49. Kh2+ Bg2 50. Rxg2+ Rg4 51. Rxg4+ Rg7 52. Rxg7+ Kh8 53. Qe8#
{Dorky checkmated} 1-0

[Event "ICS rated blitz match"]
[Site "204.178.125.65"]
[Date "2000.07.14"]
[Round "?"]
[White "Dorky"]
[Black "Hossa"]
[Result "0-1"]
[WhiteElo "2184"]
[BlackElo "2527"]
[PlyCount "106"]
[EventDate "2000.??.??"]

1. e4 e5 2. Nf3 d6 3. d4 exd4 4. Nxd4 Nf6 5. Nc3 Be7 6. Be2 O-O 7. O-O c6 8.
Be3 b5 9. Rb1 b4 10. Na4 Nxe4 11. f3 Nf6 12. Bd3 Nd5 13. Bf2 Nf4 14. Bf5 Re8
15. Qd2 Bg5 16. Qxb4 c5 17. Nxc5 dxc5 18. Qxc5 Na6 19. Qc4 Bxf5 20. Nxf5 Ne2+
21. Kh1 Re6 22. Rfd1 Qf8 23. c3 Bf4 24. g3 Bg5 25. f4 Bf6 26. Be3 g6 27. Qxe2
gxf5 28. Qf3 Qe8 29. Bf2 Re2 30. Kg1 Qe4 31. Qxe4 Rxe4 32. Rd6 Re6 33. Rd5 Nc7
34. Rxf5 Kg7 35. Rd1 Re2 36. Rd7 Ne6 37. Rb5 a6 38. Rbb7 Nd8 39. Rb6 Be7 40.
Bd4+ Kf8 41. f5 Ke8 42. Rc7 h5 43. c4 Rd2 44. f6 Bf8 45. Be5 Rc2 46. Kh1 Re2
47. Bc3 Ne6 48. Rcc6 Rd8 49. Rxe6+ fxe6 50. Be1 Rd1 51. Rxe6+ Rxe6 52. Kg2
Rdxe1 53. Kh3 Rxf6 {Dorky resigns} 0-1

[Event "ICS rated blitz match"]
[Site "204.178.125.65"]
[Date "2000.07.14"]
[Round "?"]
[White "Hossa"]
[Black "Dorky"]
[Result "1-0"]
[WhiteElo "2531"]
[BlackElo "2180"]
[PlyCount "219"]
[EventDate "2000.??.??"]

1. e4 e5 2. d4 exd4 3. Qxd4 Nc6 4. Qd1 Nge7 5. Nc3 Ng6 6. Nf3 Bb4 7. Be2 Bxc3+
8. bxc3 O-O 9. O-O d6 10. Rb1 Qe7 11. Qd5 Be6 12. Qh5 Bc8 13. Qd5 Be6 14. Qh5
Bc8 15. Qd5 Re8 16. Re1 Qxe4 17. Qd2 Nh4 18. Nxh4 Qxh4 19. Ba6 Re5 20. Be2 Rb8
21. Bb5 Rxe1+ 22. Qxe1 Bd7 23. Be3 a6 24. Be2 Be6 25. a3 Qa4 26. Qc1 Ba2 27.
Rb2 Bd5 28. Rb1 f5 29. Qd2 Ba2 30. Ra1 Be6 31. Bf3 Qb5 32. Re1 Ne5 33. Be2 Qa5
34. f4 Nc6 35. Ra1 d5 36. a4 b5 37. Bc5 bxa4 38. Qe3 Bf7 39. Bf1 Re8 40. Qf2
Rd8 41. Ra3 Rb8 42. g3 Rb1 43. Kg2 Rb2 44. Kh3 Be6 45. Qe3 Bf7 46. Qf2 h6 47.
Bd3 g6 48. Kg2 h5 49. Kh3 Be6 50. Qe3 Kf7 51. Kh4 Rb7 52. Bf1 Rb8 53. Be2 Rb7
54. Bf1 Rb8 55. Be2 Rb7 56. Bf1 Rb2 57. Bd3 Rb7 58. Bf1 Rb8 59. Be2 Rb7 60. Bf1
Rb8 61. Be2 Rb7 62. Bf1 Rb2 63. Bd3 Rb1 64. Kh3 Rb7 65. Be2 Rb8 66. Ra1 Rb2 67.
Ra3 Rb1 68. Bd3 Rb7 69. Be2 Kf6 70. Bd4+ Kf7 71. Bc5 Rb8 72. Ra1 Rb2 73. Ra3
Rb1 74. Bd3 Rb7 75. Be2 Rb8 76. Ra1 Rb2 77. Ra3 Rb8 78. Ra1 Rb2 79. Ra3 Rxc2
80. Bd1 Rb2 81. Bxa4 Re2 82. Qg1 Re1 83. Qxe1 Qxc5 84. Rb3 Qc4 85. Ra3 Qc5 86.
Rb3 Qc4 87. Ra3 Qc5 88. Rb3 Qd6 89. Bxc6 Qxc6 90. Rb8 a5 91. Qe5 a4 92. Qh8 Qc5
93. Qg8+ Kf6 94. Rf8+ Qxf8 95. Qxf8+ Bf7 96. Qd8+ Kg7 97. Qa8 c5 98. Qxa4 c4
99. Qa7 Kf8 100. Qb8+ Kg7 101. Qe5+ Kg8 102. Qd4 Be6 103. Qf6 Bf7 104. Kh4 Kf8
105. Qe5 Kg8 106. Kg5 Kh7 107. Kf6 Kg8 108. Qe7 h4 109. Qxf7+ Kh8 110. Qg7# {
Dorky checkmated} 1-0

[Event "ICS rated blitz match"]
[Site "204.178.125.65"]
[Date "2000.07.14"]
[Round "?"]
[White "Dorky"]
[Black "Hossa"]
[Result "0-1"]
[WhiteElo "2176"]
[BlackElo "2535"]
[PlyCount "122"]
[EventDate "2000.??.??"]

1. Nf3 d5 2. d4 Nf6 3. c4 e6 4. Nc3 c6 5. e3 Bb4 6. Bd2 O-O 7. Bd3 dxc4 8. Bxc4
Nbd7 9. O-O c5 10. Qb3 Ba5 11. Rad1 cxd4 12. exd4 Nb6 13. Bd3 Bd7 14. Ne5 Be8
15. Bg5 h6 16. Be3 Rc8 17. f4 Bxc3 18. bxc3 Ba4 19. Qa3 Bxd1 20. Rxd1 Nfd5 21.
Bd2 Qe7 22. Qxe7 Nxe7 23. c4 f6 24. c5 Nbd5 25. Nc4 Nc6 26. Nd6 Rc7 27. Rb1 Rb8
28. Nb5 Rd7 29. a4 f5 30. Bc4 Kf8 31. a5 g6 32. Bxd5 exd5 33. Bc3 Re8 34. Nd6
Re3 35. Bd2 Rd3 36. Rb2 Re7 37. Bb4 Rxd4 38. Bc3 Rd1+ 39. Kf2 d4 40. Bd2 d3 41.
Kg3 Re2 42. Nc4 Rg1 43. Ne3 Nxa5 44. h3 Rh1 45. Kf3 Kg8 46. Kg3 h5 47. Kh4 Kf8
48. Kg3 Nc6 49. Kh4 Nd4 50. Rxb7 Rxd2 51. Rb8+ Kg7 52. Rb4 Re2 53. Rxd4 Rxe3
54. Rd7+ Kh6 55. c6 Rc1 56. c7 d2 57. Rxd2 Rc4 58. Rd6 Rxf4+ 59. g4 fxg4 60.
Rxg6+ Kxg6 61. hxg4 Rxg4# {Dorky checkmated} 0-1

[Event "ICS rated blitz match"]
[Site "204.178.125.65"]
[Date "2000.07.14"]
[Round "?"]
[White "Maup"]
[Black "Hossa"]
[Result "0-1"]
[WhiteElo "2236"]
[BlackElo "2539"]
[PlyCount "34"]
[EventDate "2000.??.??"]

1. e3 g6 2. d3 Nc6 3. h3 Bg7 4. g3 Nf6 5. Bg2 e5 6. Ne2 O-O 7. b3 d6 8. Bb2 a5
9. a3 a4 10. b4 Be6 11. Nd2 Bd5 12. Bxd5 Nxd5 13. d4 exd4 14. Nxd4 Bxd4 15.
Bxd4 Nxd4 16. exd4 Re8+ 17. Kf1 Qf6 {Maup resigns} 0-1

[Event "ICS rated blitz match"]
[Site "204.178.125.65"]
[Date "2000.07.14"]
[Round "?"]
[White "Hossa"]
[Black "Maup"]
[Result "1-0"]
[WhiteElo "2544"]
[BlackElo "2231"]
[PlyCount "27"]
[EventDate "2000.??.??"]

1. e4 c5 2. c3 e6 3. d4 d5 4. e5 Nc6 5. Nf3 c4 6. Be2 Bd7 7. O-O b5 8. b3 Nge7
9. Na3 a6 10. Nc2 h5 11. Ng5 Nf5 12. Bxh5 g6 13. Be2 Be7 14. Nf3 {Maup resigns}
1-0

[Event "ICS rated blitz match"]
[Site "204.178.125.65"]
[Date "2000.07.14"]
[Round "?"]
[White "Jone"]
[Black "Hossa"]
[Result "0-1"]
[WhiteElo "1861"]
[BlackElo "2549"]
[PlyCount "36"]
[EventDate "2000.??.??"]

1. e4 e5 2. Nf3 d6 3. d4 exd4 4. Nxd4 Nf6 5. Nc3 Be7 6. Bc4 O-O 7. O-O Nxe4 8.
Nxe4 d5 9. Bxd5 Qxd5 10. Nc3 Qc4 11. Re1 Bb4 12. Bf4 Rd8 13. Re3 Rxd4 14. Re8+
Bf8 15. Qe1 Bd7 16. Rd8 Nc6 17. Rxa8 Rxf4 18. Rd1 Rd4 {Jone resigns} 0-1

[Event "ICS rated blitz match"]
[Site "204.178.125.65"]
[Date "2000.07.14"]
[Round "?"]
[White "Hossa"]
[Black "Blacchrist"]
[Result "1-0"]
[WhiteElo "2551"]
[BlackElo "1995"]
[PlyCount "75"]
[EventDate "2000.??.??"]

1. e4 d6 2. d4 Nf6 3. Nc3 g6 4. Nf3 Bg7 5. h3 Nc6 6. d5 Nb8 7. Be2 Nbd7 8. O-O
c5 9. a4 O-O 10. a5 a6 11. Be3 Rb8 12. Qd2 b6 13. Bh6 b5 14. Bxg7 Kxg7 15. Qf4
Nh5 16. Qe3 Nhf6 17. b3 Qc7 18. Qg5 h6 19. Qe3 Kh7 20. Qf4 Ne5 21. Nxe5 dxe5
22. Qe3 e6 23. f4 exd5 24. exd5 exf4 25. Qxf4 Qxf4 26. Rxf4 Kg7 27. Raf1 b4 28.
Rxf6 bxc3 29. R6f3 Bb7 30. Rxc3 Bxd5 31. Bxa6 Ra8 32. Rxc5 Rxa6 33. Rxd5 Rc8
34. c4 Rb8 35. Rf3 Rb4 36. Rd7 Rxa5 37. Rdxf7+ Kg8 38. Rf8+ {Blacchrist resigns
} 1-0

[Event "ICS rated blitz match"]
[Site "204.178.125.65"]
[Date "2000.07.14"]
[Round "?"]
[White "daemon"]
[Black "Hossa"]
[Result "0-1"]
[WhiteElo "1883"]
[BlackElo "2552"]
[PlyCount "38"]
[EventDate "2000.??.??"]

1. e4 e5 2. Nf3 d6 3. d4 exd4 4. Nxd4 Nf6 5. Nc3 Be7 6. Bc4 O-O 7. O-O Nxe4 8.
Bxf7+ Rxf7 9. Nxe4 d5 10. Ng3 c5 11. Nf3 Bg4 12. h3 Bxf3 13. gxf3 Nc6 14. c3
Qd7 15. Kg2 Ne5 16. f4 Ng6 17. Qg4 Qc6 18. Nf5 Rxf5 19. Qxf5 Nh4+ {
daemon resigns} 0-1

[Event "ICS Rated blitz match"]
[Site "204.178.125.65"]
[Date "2000.07.14"]
[Round "?"]
[White "athanas"]
[Black "Hossa"]
[Result "0-1"]
[WhiteElo "2166"]
[BlackElo "2553"]
[PlyCount "100"]
[EventDate "2000.??.??"]

1. d4 Nf6 2. c4 e6 3. Nc3 Bb4 4. e3 d5 5. Nge2 dxc4 6. a3 Ba5 7. Nf4 e5 8. dxe5
Qxd1+ 9. Kxd1 Ng4 10. Kc2 Nxf2 11. Rg1 Bxc3 12. Kxc3 b5 13. Nd5 Kd8 14. Be2 c6
15. Nf4 Kc7 16. Bf3 Rd8 17. Bd2 Kb7 18. Rgf1 Ng4 19. e6 Nxh2 20. exf7 Nxf1 21.
Rxf1 Rf8 22. Bh5 Na6 23. Nh3 Nc5 24. Ng5 h6 25. Nh7 Ne4+ 26. Kc2 Ng3 27. Rf3
Bf5+ 28. Kc1 Bxh7 29. Rxg3 g6 30. Bxg6 Bxg6 31. Rxg6 Rxf7 32. Rxh6 Rg8 33. Rh2
Rfg7 34. Bc3 Rxg2 35. Rh7+ Kb6 36. Bd4+ c5 37. Bc3 Rg1+ 38. Kc2 R8g2+ 39. Bd2
b4 40. axb4 cxb4 41. Rh6+ Kb5 42. Rh5+ Kc6 43. Rh6+ Kc5 44. Rh5+ Rg5 45. Rh7
b3+ 46. Kc3 Rd5 47. Rc7+ Kb5 48. Rxc4 Rxd2 49. Rb4+ Ka5 50. Kxb3 Rxb2+ {
athanas resigns} 0-1

[Event "ICS rated blitz match"]
[Site "204.178.125.65"]
[Date "2000.07.14"]
[Round "?"]
[White "Hossa"]
[Black "salzi"]
[Result "1-0"]
[WhiteElo "2556"]
[BlackElo "2011"]
[PlyCount "59"]
[EventDate "2000.??.??"]

1. e4 c5 2. c3 Nf6 3. e5 Nd5 4. Nf3 d6 5. d4 cxd4 6. Bb5+ Bd7 7. Bxd7+ Qxd7 8.
O-O Nc6 9. exd6 Qxd6 10. Nxd4 Nxd4 11. Qxd4 e6 12. Rd1 Qb6 13. Qa4+ Qc6 14. Qg4
O-O-O 15. c4 Nf6 16. Rxd8+ Kxd8 17. Qe2 Bd6 18. Nc3 Ke7 19. Bg5 Rc8 20. Nd5+
Kf8 21. Nxf6 gxf6 22. Bxf6 Qxc4 23. Qe3 Bf4 24. Qa3+ Qc5 25. Qxc5+ Rxc5 26. Rd1
Bc7 27. g4 Ke8 28. Kg2 Rd5 29. Rc1 Bd8 30. Rc8 {salzi resigns} 1-0

[Event "ICS rated blitz match"]
[Site "204.178.125.65"]
[Date "2000.07.14"]
[Round "?"]
[White "salzi"]
[Black "Hossa"]
[Result "0-1"]
[WhiteElo "2010"]
[BlackElo "2557"]
[PlyCount "40"]
[EventDate "2000.??.??"]

1. d4 Nf6 2. c4 e6 3. Nc3 Bb4 4. e3 d5 5. cxd5 exd5 6. Bd2 O-O 7. Bd3 Be7 8.
Nf3 Na6 9. a3 c6 10. O-O Nc7 11. Ne5 Bd6 12. f4 Re8 13. Qe1 Rb8 14. Qh4 Qe7 15.
h3 h6 16. g4 Ne6 17. g5 Nd7 18. Nf3 Nb6 19. Qg3 hxg5 20. fxg5 Bxg3 {
salzi resigns} 0-1

[Event "ICS rated blitz match"]
[Site "204.178.125.65"]
[Date "2000.07.14"]
[Round "?"]
[White "Tinker"]
[Black "Hossa"]
[Result "1-0"]
[WhiteElo "2498"]
[BlackElo "2558"]
[PlyCount "65"]
[EventDate "2000.??.??"]

1. e4 e5 2. d4 exd4 3. Qxd4 Nc6 4. Qd1 Nf6 5. Bd3 Bc5 6. Nc3 O-O 7. Nf3 Re8 8.
O-O Bb4 9. Nd5 Nxe4 10. c3 Bc5 11. Bxe4 Rxe4 12. Ng5 Re5 13. Qh5 h6 14. Qxf7+
Kh8 15. Nf3 Re4 16. Qh5 Bd6 17. Ng5 Re5 18. Nf7+ Kh7 19. Nxe5 Nxe5 20. Bf4 Nc4
21. Bxh6 g6 22. Qh3 Kg8 23. Rfe1 Nxb2 24. Re8+ Qxe8 25. Nf6+ Kf7 26. Nxe8 Bxh2+
27. Qxh2 d6 28. Nxc7 Bf5 29. Bg5 Rg8 30. Re1 Be4 31. Qf4+ Kg7 32. Ne6+ Kh8 33.
Qh2# {Hossa checkmated} 1-0

[Event "ICS rated blitz match"]
[Site "204.178.125.65"]
[Date "2000.07.14"]
[Round "?"]
[White "Hossa"]
[Black "PostModernist"]
[Result "0-1"]
[WhiteElo "2539"]
[BlackElo "2647"]
[PlyCount "144"]
[EventDate "2000.??.??"]

1. e4 g6 2. d4 Bg7 3. Nc3 d6 4. Be2 c6 5. Nf3 Bg4 6. O-O Qb6 7. Ng5 Bxe2 8.
Nxe2 h6 9. Nf3 Nf6 10. e5 dxe5 11. dxe5 Nfd7 12. e6 fxe6 13. Nf4 Nf8 14. Qd3
Qb5 15. c4 Qf5 16. Qb3 b6 17. Rd1 e5 18. Ne2 Nfd7 19. Ng3 Qe6 20. Qc2 O-O 21.
Be3 Na6 22. Nh4 g5 23. Nhf5 Ndc5 24. Nxg7 Kxg7 25. Bxc5 Nxc5 26. b4 Nb7 27. Rd2
Kg8 28. c5 bxc5 29. bxc5 Rad8 30. Rxd8 Rxd8 31. Re1 Rd4 32. Qb2 Nxc5 33. Qb8+
Kf7 34. Qxa7 Qd5 35. Nf1 Ra4 36. Qb8 Nd3 37. Rd1 e4 38. a3 Rxa3 39. Qh8 Qf5 40.
Rd2 Qg6 41. Re2 c5 42. Rc2 Ra4 43. Re2 Qf6 44. Qd8 h5 45. Qd5+ Kg7 46. Qd8 Ra1
47. g3 Rd1 48. Qe8 e3 49. f4 gxf4 50. Qa4 Nf2 51. h4 f3 52. Rxf2 exf2+ 53. Kxf2
Rxf1+ 54. Kxf1 Qb2 55. Qa6 Qg2+ 56. Ke1 f2+ 57. Kd1 f1=Q+ 58. Qxf1 Qxf1+ 59.
Kd2 Qf2+ 60. Kc3 Qxg3+ 61. Kc4 Qxh4+ 62. Kd3 Kf6 63. Ke3 Qg5+ 64. Kd3 Qd5+ 65.
Kc2 Qa2+ 66. Kd3 h4 67. Ke3 Qc2 68. Kf3 Qd3+ 69. Kf2 h3 70. Ke1 Qc2 71. Kf1 h2
72. Ke1 h1=Q# {Hossa checkmated} 0-1

[Event "ICS rated blitz match"]
[Site "204.178.125.65"]
[Date "2000.07.14"]
[Round "?"]
[White "Hossa"]
[Black "asiota"]
[Result "1-0"]
[WhiteElo "2528"]
[BlackElo "2317"]
[PlyCount "57"]
[EventDate "2000.??.??"]

1. e4 e6 2. d4 d5 3. Nd2 Nf6 4. e5 Nfd7 5. Ngf3 c5 6. c3 Nc6 7. Be2 cxd4 8.
cxd4 Qb6 9. Nb1 f6 10. exf6 Nxf6 11. O-O Bd6 12. Nc3 O-O 13. Nb5 Bb8 14. Qa4
Bd7 15. Bg5 Ne4 16. Bh4 a6 17. Na3 Qxb2 18. Qb3 Qxe2 19. Rae1 Rxf3 20. gxf3
Nxd4 21. Rxe2 Nxb3 22. fxe4 Nd4 23. Re3 dxe4 24. Rd1 Nf3+ 25. Rxf3 exf3 26.
Rxd7 Bf4 27. Rd3 Rf8 28. Be7 Rf7 29. Rd8+ {asiota resigns} 1-0

[Event "ICS rated blitz match"]
[Site "204.178.125.65"]
[Date "2000.07.14"]
[Round "?"]
[White "asiota"]
[Black "Hossa"]
[Result "0-1"]
[WhiteElo "2310"]
[BlackElo "2535"]
[PlyCount "36"]
[EventDate "2000.??.??"]

1. d4 Nf6 2. c4 e6 3. Nf3 b6 4. g3 Ba6 5. Qc2 Bb7 6. Bg2 c5 7. O-O cxd4 8. Nxd4
Bxg2 9. Kxg2 Bc5 10. Nf3 Nc6 11. b3 O-O 12. Bb2 Nb4 13. Qd2 Ne4 14. Qf4 d5 15.
Nc3 Nc2 16. Rad1 Nxf2 17. cxd5 Ne3+ 18. Kxf2 Nxd1+ {asiota resigns} 0-1

[Event "ICS rated blitz match"]
[Site "204.178.125.65"]
[Date "2000.07.14"]
[Round "?"]
[White "Hossa"]
[Black "asiota"]
[Result "0-1"]
[WhiteElo "2542"]
[BlackElo "2303"]
[PlyCount "132"]
[EventDate "2000.??.??"]

1. e4 e6 2. d4 d5 3. Nd2 Nf6 4. e5 Nfd7 5. Ngf3 c5 6. c3 Nc6 7. Be2 cxd4 8.
cxd4 Qb6 9. Nb1 f6 10. exf6 Nxf6 11. O-O Bd6 12. Nc3 O-O 13. Nb5 Bb8 14. Qa4
Bd7 15. Re1 a6 16. Nc3 Ne4 17. Nxe4 dxe4 18. Ng5 Qxd4 19. Qxd4 Nxd4 20. Bd1 Bc6
21. Nxe4 e5 22. f3 Ba7 23. Kh1 Rae8 24. Be3 h6 25. Nd6 Rd8 26. Nc4 Rde8 27. Na5
Bd5 28. Rc1 e4 29. Bxd4 Bxd4 30. Bb3 Bxb3 31. Nxb3 Bxb2 32. Rc2 exf3 33. Rxe8
Rxe8 34. gxf3 Ba3 35. Kg2 Re7 36. Nd4 Rd7 37. Ne6 Kf7 38. Re2 Re7 39. Nd8+ Ke8
40. Ne6 Kd7 41. Nf8+ Kc6 42. Rxe7 Bxe7 43. Ng6 Bf6 44. Nf4 Kc5 45. Nd3+ Kd4 46.
Nf2 Kc3 47. Ne4+ Kb2 48. Nc5 Kxa2 49. Nxb7 Bc3 50. Nc5 a5 51. Kf1 Bb4 52. Nd3
Kb3 53. Ke2 a4 54. Kd1 a3 55. Nc1+ Kb2 56. Nd3+ Kc3 57. Ne1 a2 58. Nc2 Bd6 59.
h3 Bf4 60. Ne1 a1=Q+ 61. Ke2 Qc1 62. Kf2 Qe3+ 63. Kf1 Bg3 64. Nd3 Kxd3 65. Kg2
Qf2+ 66. Kh1 Qh2# {Hossa checkmated} 0-1

[Event "ICS rated blitz match"]
[Site "204.178.125.65"]
[Date "2000.07.14"]
[Round "?"]
[White "asiota"]
[Black "Hossa"]
[Result "1-0"]
[WhiteElo "2338"]
[BlackElo "2516"]
[PlyCount "123"]
[EventDate "2000.??.??"]

1. d4 Nf6 2. c4 e6 3. Nf3 b6 4. g3 Ba6 5. Qc2 Bb7 6. Bg2 c5 7. O-O cxd4 8. Nxd4
Bxg2 9. Kxg2 Bc5 10. Nf3 Nc6 11. b3 O-O 12. Bb2 Nb4 13. Qd1 d5 14. cxd5 Nbxd5
15. Nc3 Nc7 16. Qxd8 Rfxd8 17. Rfd1 Rac8 18. Rxd8+ Rxd8 19. Rd1 Rxd1 20. Nxd1
Ne4 21. Ne1 f6 22. Nd3 Bf8 23. f3 Nc5 24. Nxc5 Bxc5 25. e4 Kf7 26. Nf2 Nb5 27.
Nd3 Be3 28. Kf1 Nd4 29. Bxd4 Bxd4 30. Ke2 a5 31. a4 Ke7 32. f4 Kd8 33. Kf3 Kc7
34. g4 g5 35. e5 fxe5 36. fxg5 Kd7 37. Ke4 Kd6 38. h4 Ke7 39. h5 Bc3 40. Nxe5
Kd6 41. Nc4+ Kc7 42. Ne5 Kd6 43. Nc4+ Kc7 44. h6 b5 45. axb5 Bh8 46. Ne5 Kb6
47. g6 hxg6 48. Nxg6 Bf6 49. Nf4 Kxb5 50. Nxe6 Bc3 51. g5 Kb4 52. g6 Kxb3 53.
g7 Kb4 54. g8=Q a4 55. Nd4 Bd2 56. h7 Kc3 57. h8=Q Bg5 58. Qxg5 a3 59. Qc1+ Kb4
60. Qb8+ Ka5 61. Qc5+ Ka4 62. Qcb4# {Hossa checkmated} 1-0

[Event "ICS rated blitz match"]
[Site "204.178.125.65"]
[Date "2000.07.14"]
[Round "?"]
[White "A-Adly"]
[Black "Hossa"]
[Result "0-1"]
[WhiteElo "2179"]
[BlackElo "2492"]
[PlyCount "36"]
[EventDate "2000.??.??"]

1. e4 c5 2. Nc3 Nc6 3. g3 g6 4. Bg2 Bg7 5. Nge2 d6 6. f4 Nf6 7. d3 O-O 8. O-O
c4 9. dxc4 Qb6+ 10. Kh1 Qc5 11. b3 Ng4 12. Qe1 Nb4 13. Ba3 Qh5 14. h3 Nxc2 15.
Qd2 Nge3 16. g4 Bxg4 17. Ng3 Qh4 18. Nce2 Bxh3 {A-Adly resigns} 0-1

[Event "ICS Rated standard match"]
[Site "204.178.125.65"]
[Date "2000.07.14"]
[Round "?"]
[White "Hossa"]
[Black "Tinker"]
[Result "1-0"]
[WhiteElo "2399"]
[BlackElo "2264"]
[PlyCount "109"]
[EventDate "2000.??.??"]

1. d4 d5 2. Nf3 Nc6 3. c4 e6 4. Nc3 Nf6 5. Bg5 Bb4 6. e3 h6 7. Bxf6 Qxf6 8. Nd2
Bxc3 9. bxc3 Qg6 10. Nf3 O-O 11. Bd3 Qxg2 12. Rg1 Qh3 13. Rg3 Qh5 14. Qe2 dxc4
15. Bxc4 b6 16. O-O-O Qa5 17. Qb2 Ne7 18. e4 Bb7 19. Rdg1 Ng6 20. Nd2 Rae8 21.
Bb5 c6 22. Be2 b5 23. h4 Qd8 24. h5 Nf4 25. Rxg7+ Kh8 26. Nf3 Qf6 27. R7g4 Rg8
28. Ne5 Rxg4 29. Rxg4 Rg8 30. Nd7 Nxe2+ 31. Qxe2 Qe7 32. Qe3 Kh7 33. Rxg8 Kxg8
34. Nc5 Kh7 35. e5 Kg7 36. Qg3+ Kh8 37. Qf4 Kh7 38. Kb2 Ba8 39. Ne4 Kg7 40. Nf6
Qf8 41. Ng4 Kh7 42. Kc2 a5 43. Nf6+ Kg7 44. Qg4+ Kh8 45. Qe4 Qg7 46. Kb2 a4 47.
c4 b4 48. Qc2 b3 49. axb3 Bb7 50. bxa4 Ba6 51. a5 Bxc4 52. Qxc4 Qf8 53. Qd3
Qb4+ 54. Kc2 Qa4+ 55. Qb3 {Tinker resigns} 1-0

[Event "ICS rated blitz match"]
[Site "204.178.125.65"]
[Date "2000.07.14"]
[Round "?"]
[White "Hossa"]
[Black "mid"]
[Result "0-1"]
[WhiteElo "2497"]
[BlackElo "2258"]
[PlyCount "140"]
[EventDate "2000.??.??"]

1. d4 d5 2. Nf3 Nf6 3. Bf4 c6 4. e3 Bf5 5. Be2 e6 6. O-O h6 7. c4 Nbd7 8. cxd5
exd5 9. Nc3 Nh5 10. Be5 Be7 11. Bd3 Bxd3 12. Qxd3 Nxe5 13. dxe5 Qd7 14. Nd4
O-O-O 15. a4 g6 16. a5 Ng7 17. a6 b6 18. Qc2 Kb8 19. Nxd5 cxd5 20. Nc6+ Ka8 21.
Nxd8 Rxd8 22. Rac1 Kb8 23. Qb3 Ne6 24. Rfe1 Nc5 25. Qa3 Qa4 26. Qc3 Qxa6 27. b4
Ne6 28. Rb1 Qc4 29. Qa3 a5 30. Rec1 Qb5 31. Qc3 Bxb4 32. Qc2 Nc5 33. g3 Qd3 34.
Qa2 Qe4 35. Qe2 Qxe5 36. Qb5 Qc7 37. Rc2 Qb7 38. Qe2 Ne6 39. Rbc1 d4 40. Qb5 d3
41. Rc6 d2 42. Rd1 Nc7 43. Qxb6 Qxb6 44. Rxb6+ Ka7 45. Rc6 Kb7 46. Rc2 Na6 47.
h4 a4 48. Kg2 a3 49. h5 gxh5 50. f3 Kb6 51. Kf1 Kb5 52. Ke2 Nc5 53. Rh1 Ka4 54.
Rb1 Nb3 55. Kd1 Rd3 56. Ke2 Nc1+ 57. Rcxc1 dxc1=Q 58. Rxc1 Rd2+ 59. Kf1 a2 60.
Ra1 Rb2 61. Rxa2+ Rxa2 62. e4 Kb3 63. e5 Kc3 64. Kg1 Kd3 65. Kh1 Ke3 66. e6
fxe6 67. f4 Kf3 68. Kg1 Bc5+ 69. Kh1 Kxg3 70. f5 Rh2# {Hossa checkmated} 0-1